<?xml version="1.0" encoding="UTF-8"?>
<record
    xmlns:xsi="http://www.w3.org/2001/XMLSchema-instance"
    xsi:schemaLocation="http://www.loc.gov/MARC21/slim http://www.loc.gov/standards/marcxml/schema/MARC21slim.xsd"
    xmlns="http://www.loc.gov/MARC21/slim">

  <leader>01104nam a2200265 i 4500</leader>
  <controlfield tag="001">bg</controlfield>
  <datafield tag="245" ind1="7" ind2="0">
    <subfield code="a">Podr&#x119;cznik bada&#x144; starych sk&#x142;adowisk - ocena, podstawy badawcze /</subfield>
    <subfield code="c">[przedm. i red. nauk. Wojciech Irmi&#x144;ski ; przek&#x142;ad z niem. Danuta Irmi&#x144;ska].</subfield>
  </datafield>
  <datafield tag="246" ind1=" " ind2=" ">
    <subfield code="i">Tyt. oryg.:</subfield>
    <subfield code="a">Altlasten-Handbuch</subfield>
  </datafield>
  <datafield tag="260" ind1=" " ind2=" ">
    <subfield code="a">Warszawa :</subfield>
    <subfield code="b">Pa&#x144;stwowa Inspekcja Ochrony &#x15A;rodowiska,</subfield>
    <subfield code="c">1996.</subfield>
  </datafield>
  <datafield tag="300" ind1=" " ind2=" ">
    <subfield code="a">207 s. :</subfield>
    <subfield code="b">rys. [w tym kolor.] ;</subfield>
    <subfield code="c">24 cm.</subfield>
  </datafield>
  <datafield tag="490" ind1="1" ind2=" ">
    <subfield code="a">Biblioteka Monitoringu &#x15A;rodowiska / Pa&#x144;stwowa Inspekcja Ochrony &#x15A;rodowiska</subfield>
  </datafield>
  <datafield tag="500" ind1=" " ind2=" ">
    <subfield code="a">Tyt. oryg.: "Altlasten-Handbuch, T.1: Altlasten-Bewertung, T.2: Untersuchungsgrundlagen".</subfield>
  </datafield>
  <datafield tag="650" ind1=" " ind2="9">
    <subfield code="a">Odpady</subfield>
    <subfield code="x">badanie</subfield>
  </datafield>
  <datafield tag="650" ind1=" " ind2="9">
    <subfield code="a">&#x15A;rodowisko cz&#x142;owieka</subfield>
    <subfield code="x">higiena i ochrona</subfield>
    <subfield code="x">badanie</subfield>
    <subfield code="x">metody</subfield>
  </datafield>
  <datafield tag="700" ind1="1" ind2=" ">
    <subfield code="a">Irmi&#x144;ski, Wojciech.</subfield>
    <subfield code="e">Red.</subfield>
  </datafield>
  <datafield tag="700" ind1="1" ind2=" ">
    <subfield code="a">Irmi&#x144;ska, Danuta.</subfield>
    <subfield code="e">T&#x142;.</subfield>
  </datafield>
  <datafield tag="830" ind1=" " ind2="0">
    <subfield code="a">Biblioteka Monitoringu &#x15A;rodowiska (Pa&#x144;stwowa Inspekcja Ochrony &#x15A;rodowiska)</subfield>
  </datafield>
  <datafield tag="020" ind1=" " ind2=" ">
    <subfield code="a">8386676760</subfield>
  </datafield>
  <datafield tag="040" ind1=" " ind2=" ">
    <subfield code="c">BPK</subfield>
  </datafield>
  <datafield tag="041" ind1="1" ind2=" ">
    <subfield code="a">pol</subfield>
    <subfield code="h">ger</subfield>
  </datafield>
  <datafield tag="080" ind1=" " ind2=" ">
    <subfield code="a">628.4:504.05</subfield>
  </datafield>
  <datafield tag="920" ind1=" " ind2=" ">
    <subfield code="a">83-86676-76-0</subfield>
  </datafield>
  <datafield tag="942" ind1=" " ind2=" ">
    <subfield code="c">KS</subfield>
  </datafield>
  <controlfield tag="008">      s        pl     f     |000 0 pol  </controlfield>
  <datafield tag="999" ind1=" " ind2=" ">
    <subfield code="c">30884</subfield>
    <subfield code="d">30884</subfield>
  </datafield>
  <datafield tag="856" ind1=" " ind2=" ">
    <subfield code="u">http://koha.tu.koszalin.pl/cgi-bin/koha/opac-detail.pl?biblionumber=30884</subfield>
    <subfield code="y">Katalog online BPK</subfield>
  </datafield>
  <datafield tag="952" ind1=" " ind2=" ">
    <subfield code="0">0</subfield>
    <subfield code="1">0</subfield>
    <subfield code="4">0</subfield>
    <subfield code="7">1</subfield>
    <subfield code="a">ELBUD</subfield>
    <subfield code="b">ELBUD</subfield>
    <subfield code="c">b</subfield>
    <subfield code="o">37821</subfield>
    <subfield code="p">02400686</subfield>
    <subfield code="t">628.4 Oiich u</subfield>
    <subfield code="y">KS</subfield>
  </datafield>
</record>
